000 00351nam a2200133Ia 4500
005 20260326235444.0
008 260326s9999||||xx |||||||||||||| ||und||
100 _aCassigoli, Renzo
245 0 _aRenzo Piano :
_b La responsabilidad del Arquitecto /
_cRenzo Cassigoli
260 _bGustavo Gili
300 _a96 p.
650 _aARQUITECTOS
942 _cBK
999 _c7522
_d7522